|
|
|
|
| LEADER |
01416nam a2200397 a 4500 |
| 001 |
nkc20081807077 |
| 003 |
CZ PrNK |
| 005 |
20080829141021.0 |
| 007 |
ta |
| 008 |
080604s2007 xr a e f 000 0 cze |
| 015 |
|
|
|a cnb001807077
|
| 020 |
|
|
|a 978-80-87030-10-3
|q (brož.)
|
| 035 |
|
|
|a (OCoLC)237195493
|
| 040 |
|
|
|a OLA001
|b cze
|
| 072 |
|
7 |
|a 63
|x Zemědělství a příbuzné oblasti vědy a techniky
|2 Konspekt
|9 24
|
| 080 |
|
|
|a 634.13
|2 MRF
|
| 080 |
|
|
|a 631.535
|2 MRF
|
| 080 |
|
|
|a (072)
|2 MRF
|
| 100 |
1 |
|
|a Kosina, Josef,
|d 1949-
|7 mzk2008453448
|4 aut
|
| 245 |
1 |
0 |
|a Metodika množení vybraných hrušňových podnoží dřevitými řízky /
|c Josef Kosina a Tomáš Nečas
|
| 260 |
|
|
|a Holovousy :
|b Výzkumný a šlechtitelský ústav ovocnářský,
|c 2007
|
| 300 |
|
|
|a 21 s. :
|b barev. il. ;
|c 22 cm
|
| 500 |
|
|
|a 150 výt.
|
| 504 |
|
|
|a Obsahuje bibliografii
|
| 650 |
0 |
7 |
|a hrušně
|7 ph136649
|2 czenas
|
| 650 |
0 |
7 |
|a řízkování rostlin
|7 ph138000
|2 czenas
|
| 650 |
0 |
9 |
|a pear trees
|2 eczenas
|
| 650 |
0 |
9 |
|a propagation by cuttings
|2 eczenas
|
| 655 |
|
7 |
|a metodické příručky
|7 fd132826
|2 czenas
|
| 655 |
|
9 |
|a methodological manuals
|2 eczenas
|
| 700 |
1 |
|
|a Nečas, Tomáš,
|d 1972-
|7 mzk2006363692
|4 aut
|
| 910 |
2 |
|
|a BOA001
|b 2-1206.142
|
| 990 |
|
|
|a BK
|
| 995 |
|
|
|a 01
|
| 991 |
|
|
|b 200807
|c NOV
|
| 996 |
6 |
|
|b 2610345949
|c 2-1206.142
|l MZK
|r Sklad / do 1 hodiny
|n 0
|p p.v.
|w 001065117
|u 000010
|a 1
|e BOA001
|j MZK50
|s P
|